G35-济广高速公路途径行政区 - Statistics

General Stats
  • This quiz has been taken 11 times
  • The average score is 21 of 25
Answer Stats
Answer % Correct
济南
100%
泰安
100%
商丘
100%
济宁
90%
菏泽
90%
亳州
90%
阜阳
90%
阜阳
90%
六安
90%
安庆
90%
亳州
80%
景德镇
80%
景德镇
80%
景德镇
80%
鹰潭
80%
抚州
80%
赣州
80%
梅州
80%
河源
80%
惠州
80%
广州
80%
池州
70%
上饶
70%
上饶
70%
上饶
70%
No matching quizzes found
Score Distribution
Percent of People with Each Score
Percentile by Number Answered
Your Score History
You have not taken this quiz